Maps showing aeromagnetic data and interpretation of the Medford 1⁰ by 2⁰ quadrangle, Oregon--California /

Bibliographic Details
Corporate Author: Geological Survey (U.S.)
Other Authors: Blakely, Richard J.
Format: Government Document Map
Language:English
Published: Reston, Va. : The Survey ; 1986.
Series:Miscellaneous field studies ; map MF-1383-B.
Subjects:

MARC

Tag First Indicator Second Indicator Subfields
LEADER 00000cem a2200000Ia 4500
001 in00000863113
005 20151019090058.0
007 aj aanzn
008 861101s1986 vauag a f 1 eng d
034 1 |a a  |b 250000  |d W1240000  |e W1220000  |f N0430000  |g N0420000 
035 |a (OCoLC)ocm14640898 
035 |9 AEF8731AM 
035 |a (OCoLC)14640898 
040 |a GIS  |c GIS  |d GPO  |d SPI  |d OCL  |d OCLCQ  |d UtOrBLW 
043 |a n-us-or  |a n-us-ca 
049 |a TXAM 
050 4 |a G4292.M4C93 1986  |b B5 
052 |a 4291 
052 |a 4361 
074 |a 619-G-11 
086 0 |a I 19.113:MF-1383-B 
110 2 |a Geological Survey (U.S.) 
245 1 0 |a Maps showing aeromagnetic data and interpretation of the Medford 1⁰ by 2⁰ quadrangle, Oregon--California /  |c Department of the Interior, U.S. Geological Survey ; by Richard J. Blakely. 
255 |a Scale 1:250,000  |c (W 124⁰--W 122⁰/N 43⁰--N 42⁰). 
264 1 |a Reston, Va. :  |b The Survey ;  |c 1986. 
264 2 |a Denver, CO :  |b For sale by Map Distribution, 
300 |a 2 maps ;  |c 45 x 66 cm., on sheets 76 x 112 cm. and 71 x 102 cm., folded in envelope 30 x 24 cm. 
336 |a cartographic image  |b cri  |2 rdacontent 
337 |a unmediated  |b n  |2 rdamedia 
338 |a sheet  |b nb  |2 rdacarrier 
490 1 |a Miscellaneous field studies ;  |v map MF-1383-B 
500 |a Relief shown by contours and spot heights. 
500 |a "Folio of the Medford 1⁰ by 2⁰ quadrangle"--Envelope. 
500 |a "Folio of the Medford 1?by 2?quadrangle"--Envelope. 
500 |a Includes text, bibliography, quadrangle location map, 3 tables, and 3 figures. 
504 |a Includes text, bibliography, quadrangle location map, 3 tables, and 3 figures. 
505 0 |a sheet 1. Aeromagnetic data map -- sheet 2. Interpretation map. 
500 |a Cartographic material. 
650 0 |a Magnetic anomalies  |z Oregon  |v Maps. 
650 0 |a Magnetic anomalies  |z California  |v Maps. 
650 0 |a Geomagnetism  |z Oregon  |v Maps. 
650 0 |a Geomagnetism  |z California  |v Maps. 
650 0 |a Magnetic anomalies  |z Oregon  |x Maps. 
650 0 |a Magnetic anomalies  |z California  |x Maps. 
650 0 |a Geomagnetism  |z Oregon  |x Maps. 
650 0 |a Geomagnetism  |z California  |x Maps. 
700 1 |a Blakely, Richard J. 
740 0 |a Folio of the Medford 1⁰ by 2⁰ quadrangle, Oregon--California. 
830 0 |a Miscellaneous field studies ;  |v map MF-1383-B. 
994 |a C0  |b TXA 
948 |a cataloged  |b h  |c 2010/01/04  |e mvillare  |f 09:30:56 am 
999 |a MARS 
999 f f |s 4968e9a0-f727-3ad5-93e8-b116d021ee1e  |i 5f73733e-afb5-33ae-ba6e-53e7fe966641  |t 0 
952 f f |p normal  |a Texas A&M University  |b College Station  |c Sterling C. Evans Library  |d Evans: Maps File (2nd floor)  |t 0  |e I 19.113:MF-1383-B  |h Superintendent of Documents classification  |i unmediated -- sheet  |m A14820995256 
998 f f |a I 19.113:MF-1383-B  |t 0  |l Evans: Maps File (2nd floor)